| 000 | 00888nam0a2200289 4500 | ||
|---|---|---|---|
| 001 | RU\NLR\bibl\810808 | ||
| 005 | 20250614132806.0 | ||
| 010 |
_a5-699-09792-9 _98100 |
||
| 021 |
_aRU _b2005-15533 _9790 |
||
| 035 | _a(NLR Aleph) 000799876 | ||
| 090 |
_a1174457 _c1174457 |
||
| 100 | _a20050617d2005 |||y0rusy50 ca | ||
| 101 | 1 |
_arus _ceng |
|
| 102 | _aRU | ||
| 105 | _aa ||||||||| | ||
| 200 | 1 |
_aГордость завоевателя _eроман _fТимоти Зан _g[пер. с англ. И. Непочатовой] |
|
| 210 |
_aМосква _cЭксмо _d2005 |
||
| 215 |
_a347, [1] с. _cил. _d17 |
||
| 225 | 1 | _aСтальная Крыса | |
| 686 | _aШ6(7США)67-445{Лх1979-62} | ||
| 700 | 1 |
_aЗан _bТ. _gТимоти _4070 |
|
| 801 | 0 |
_aRU _bNLR _c20050617 _gPSBO |
|
| 801 | 1 |
_aRU _bNLR _c20050617 |
|
| 942 | _cBOOK | ||
| 980 | _aNB | ||